004570000a2200133000450024501210000065000230012165000340014465000120017865000230019065100210021304100130023410000200024777300560026710aProductivity of tropical rain forest ecosystems and the implications for their use as future wood and energy sources14aBosques tropicales14aDinámica de la vegetación14aBiomasa14aEcología vegetal 4dSarawakpMalasia0 aInglés1 aJordan, Carl F.1 tTropical Rain Forest Ecosystems3255q117-135d1975